000 01663nam0a22003011 4500
001 rc\382673
005 20250621053905.0
035 _a(NLR Aleph) 005600802
090 _a6310628
_c6310628
100 _a20030307d1989 |||y0rusy50 ca
101 0 _arus
102 _aRU
105 _aa |||||||||
200 1 _aСредства магнитного крепления фотополимерных печатных форм
_fКандидаты техн. наук Лозовюк Р.И., Куропась Р.С., инж. Васькив И.В.
210 _aМ.
_cКн. палата
_d1989
215 _a64 с.
_cил.
_d21
225 1 _aПолиграфическая промышленность
_eОбзор. информ. по информ. обеспечению отрасл. науч.-техн. программ и основным направлениям развития отрасли
_fНауч.-произв. об-ние "Всесоюз. кн. палата", Науч.-информ. центр по изд. делу, полигр. пром-сти и кн. торговле ("Информпечать")
_vВып. 5
300 _aНа обл. авт. не указаны
300 _aВ надзаг. также: Гос. ком. СССР по делам изд-в, полигр. и кн. торговли
320 _aБиблиогр.: с. 60-61
700 1 _aЛозовюк
_bР.И.
_gРостислав Игоревич
701 1 _aКуропась
_bР.С.
_gРоман Степанович
701 1 _aВаськив
_bИ.В.
801 0 _aRU
_bNLR
_gpsbo
801 1 _aRU
_bELAR
_2rusmarc
852 _aNLR
_jП10/5296
942 _cBOOK
980 _aNB